000 00299nam a2200133 i 4500
001 bg
100 1 _aMILLER, S.
245 0 _aTeoria maszyn i mechanizmów /
_cS. Miller.
260 _aWrocław,
_c1989.
040 _cBPK
041 _apol
942 _cKS
008 s pl f |000 0 pol
999 _c3867
_d3867
856 _uhttp://koha.tu.koszalin.pl/cgi-bin/koha/opac-detail.pl?biblionumber=3867
_yKatalog online BPK